Advisory committee on rural development, 22 November to 1 December 1983 (review of ILO rural development activities since 1979) (Record no. 488772)

000 -LEADER
fixed length control field 00464cam a22001097a 4500
008 - FIXED-LENGTH DATA ELEMENTS--GENERAL INFORMATION
fixed length control field 180718b1983 xxu||||| |||| 00| 0 eng d
082 ## - DEWEY DECIMAL CLASSIFICATION NUMBER
Classification number B136 In8
100 ## - MAIN ENTRY--PERSONAL NAME
Personal name International Labour Office. Advisory Committee on rural development (10th: 1983, Geneva)
245 ## - TITLE STATEMENT
Title Advisory committee on rural development, 22 November to 1 December 1983 (review of ILO rural development activities since 1979)
260 ## - PUBLICATION, DISTRIBUTION, ETC.
Place of publication, distribution, etc. Geneva
Name of publisher, distributor, etc. International Labour Office
Date of publication, distribution, etc. 1983
300 ## - PHYSICAL DESCRIPTION
Extent 61+p.
Holdings
Withdrawn status Lost status Damaged status Not for loan Permanent Location Current Location Date acquired Full call number Barcode Date last seen Price effective from Koha item type
        Indian Institute of Public Administration Indian Institute of Public Administration 2018-08-04 B136 In8 G16066 2018-08-04 2018-08-04 G

Powered by Koha